<?xml version="1.0" encoding="UTF-8"?>
<collection xmlns="http://www.loc.gov/MARC21/slim">
 <record>
  <leader>01792nam a2200241Ia 4500</leader>
  <controlfield tag="001">CTU_111142</controlfield>
  <controlfield tag="008">210402s9999    xx            000 0 und d</controlfield>
  <datafield tag="020" ind1=" " ind2=" ">
   <subfield code="c">24.99</subfield>
  </datafield>
  <datafield tag="082" ind1=" " ind2=" ">
   <subfield code="a">940.54</subfield>
  </datafield>
  <datafield tag="082" ind1=" " ind2=" ">
   <subfield code="b">H254</subfield>
  </datafield>
  <datafield tag="100" ind1=" " ind2=" ">
   <subfield code="a">Tameichi Hara</subfield>
  </datafield>
  <datafield tag="245" ind1=" " ind2="0">
   <subfield code="a">Japanese destroyer captain</subfield>
  </datafield>
  <datafield tag="245" ind1=" " ind2="0">
   <subfield code="c">Tameichi Hara, Fred Saito and Roger Pineau</subfield>
  </datafield>
  <datafield tag="260" ind1=" " ind2=" ">
   <subfield code="a">New York</subfield>
  </datafield>
  <datafield tag="260" ind1=" " ind2=" ">
   <subfield code="b">Ballantine Books</subfield>
  </datafield>
  <datafield tag="260" ind1=" " ind2=" ">
   <subfield code="c">1961</subfield>
  </datafield>
  <datafield tag="520" ind1=" " ind2=" ">
   <subfield code="a">In this book Captain Hara discusses how he commanded a Japanese destroyer in all of the major Pacific sea conflicts: Empress Augusta Bay, Coral Sea, the invasion of the Philippines, Guadalcanal, Savo Island, and Midway. While on a re-supply mission through Blackett Straight in August 1943, upon noticing a fire-ball explosion near the destroyer &quot;Amagiri&quot; in front of his destroyer &quot;Shigure&quot;, he ordered for his ship's crew to shoot at Lt. J.F. Kennedy's sinking PT-109. He provides a most harrowing description -- as commander of cruiser Yahagi -- how he barely survied its sinking alongside the ill-fated battleship Yamato on their suicide mission to attack the U.S. forces invaiding Okinawa. He details his training of the pilots of suicide motorboats (Shinyo: &quot;ocean shaker&quot;) that were designed to ram Allied warships approaching Japan. After I wrote to him, he sent me an autographed photograph of himself in 1968 -- a fine keepsake from one of the luckiest Japanese destroyer commanders to have survived so many desperately fought WWII sea battles. His 312-page book was published by Ballantine Books, initially in 1961.</subfield>
  </datafield>
  <datafield tag="650" ind1=" " ind2=" ">
   <subfield code="a">World war</subfield>
  </datafield>
  <datafield tag="650" ind1=" " ind2=" ">
   <subfield code="x">Naval operations,Chiến tranh thế giới thứ II</subfield>
  </datafield>
  <datafield tag="650" ind1=" " ind2=" ">
   <subfield code="y">1939-1945,1939-1945</subfield>
  </datafield>
  <datafield tag="650" ind1=" " ind2=" ">
   <subfield code="z">Japanese</subfield>
  </datafield>
  <datafield tag="904" ind1=" " ind2=" ">
   <subfield code="i">M.Loan</subfield>
  </datafield>
  <datafield tag="980" ind1=" " ind2=" ">
   <subfield code="a">Trung tâm Học liệu Trường Đại học Cần Thơ</subfield>
  </datafield>
 </record>
</collection>
